| Tag |
First Indicator |
Second Indicator |
Subfields |
| LEADER |
00000cam a2200000 a 4500 |
| 001 |
in00002787734 |
| 005 |
20211120170411.0 |
| 006 |
m o d f |
| 007 |
cr bn||||||||| |
| 008 |
121114s1977 mdud obs f000 0 eng c |
| 035 |
|
|
|a (OCoLC)ocn817871837
|
| 040 |
|
|
|a GPO
|c GPO
|d MvI
|d UtOrBLW
|
| 042 |
|
|
|a pcc
|
| 043 |
|
|
|a n-us---
|
| 049 |
|
|
|a WWW
|
| 074 |
|
|
|a 0500-E (online)
|
| 086 |
0 |
|
|a HE 20.6209/3:5
|
| 100 |
1 |
|
|a Abraham, Sidney.
|
| 245 |
1 |
2 |
|a A comparison of levels of serum cholesterol of adults 18-74 years of age in the United States in 1960-62 and 1971-74 /
|c [prepared by Sidney Abraham, Clifford L. Johnson, and Margaret D. Carroll].
|
| 264 |
|
1 |
|a [Rockville, Md.] :
|b U.S. Dept. of Health, Education, and Welfare, Public Health Service, Health Resources Administration,
|c [1977]
|
| 300 |
|
|
|a 1 online resource (7 pages) :
|b charts
|
| 336 |
|
|
|a text
|b txt
|2 rdacontent
|
| 337 |
|
|
|a computer
|b c
|2 rdamedia
|
| 338 |
|
|
|a online resource
|b cr
|2 rdacarrier
|
| 490 |
1 |
|
|a Advancedata from vital & health statistics of the National Center for Health Statistics ;
|v no. 5
|
| 500 |
|
|
|a Title from PDF title screen (viewed Nov. 13, 2012).
|
| 500 |
|
|
|a "February 22, 1977."
|
| 504 |
|
|
|a Includes bibliographical references (page 4).
|
| 500 |
|
|
|a Electronic resource.
|
| 650 |
|
0 |
|a Health surveys
|z United States.
|
| 650 |
|
0 |
|a Blood cholesterol
|z United States
|v Statistics.
|
| 700 |
1 |
|
|a Johnson, Clifford L.
|
| 700 |
1 |
|
|a Carroll, Margaret D.
|
| 710 |
2 |
|
|a National Center for Health Statistics (U.S.)
|
| 830 |
|
0 |
|a Advance data from vital and health statistics of the National Center for Health Statistics ;
|v no. 5.
|
| 856 |
4 |
0 |
|u https://purl.fdlp.gov/GPO/gpo31138
|t 0
|
| 999 |
|
|
|a MARS
|
| 999 |
f |
f |
|s d4f20358-23b9-3add-8253-24162b1aeb51
|i e392576d-028c-37c9-964b-62a3db61f167
|t 0
|
| 952 |
f |
f |
|a Texas A&M University
|b College Station
|c Electronic Resources
|d Available Online
|t 0
|e HE 20.6209/3:5
|h Superintendent of Documents classification
|
| 998 |
f |
f |
|a HE 20.6209/3:5
|t 0
|l Available Online
|